LEADER 01288nam 2200373 450 001 996280823803316 005 20200307181742.0 035 $a(CKB)3390000000045081 035 $a(WaSeSS)IndRDA00119730 035 $a(EXLCZ)993390000000045081 100 $a20200307d2013 uy 0 101 0 $aeng 135 $aur||||||||||| 181 $ctxt$2rdacontent 182 $cc$2rdamedia 183 $acr$2rdacarrier 200 10$aECBS $e2013 20th IEEE International Conference and Workshops on Engineering of Computer Based Systems : 22-24 April 2013, Scottsdale, AZ, USA /$fInstitute of Electrical and Electronics Engineers 210 1$aPiscataway, New Jersey :$cInstitute of Electrical and Electronics Engineers,$d2013. 215 $a1 online resource (165 pages) 311 $a1-4673-6193-3 311 $a0-7695-4991-8 606 $aSystems engineering$vCongresses 606 $aSystem analysis$xData processing$vCongresses 615 0$aSystems engineering 615 0$aSystem analysis$xData processing 676 $a620.7 702 $aRozenblit$b Jerzy 712 02$aInstitute of Electrical and Electronics Engineers, 801 0$bWaSeSS 801 1$bWaSeSS 906 $aPROCEEDING 912 $a996280823803316 996 $aECBS$92513294 997 $aUNISA LEADER 01673oam 2200469M 450 001 9910716406303321 005 20200213070609.6 035 $a(CKB)5470000002522087 035 $a(OCoLC)1065956458 035 $a(OCoLC)995470000002522087 035 $a(EXLCZ)995470000002522087 100 $a20071213d1927 ua 0 101 0 $aeng 135 $aurcn||||||||| 181 $ctxt$2rdacontent 182 $cc$2rdamedia 183 $acr$2rdacarrier 200 10$aKenneth M. Orr. February 4, 1927. -- Committed to the Committee of the Whole House and ordered to be printed 210 1$a[Washington, D.C.] :$c[U.S. Government Printing Office],$d1927. 215 $a1 online resource (2 pages) 225 1 $aHouse report / 69th Congress, 2nd session. House ;$vno. 1980 225 1 $a[United States congressional serial set] ;$v[serial no. 8690] 300 $aBatch processed record: Metadata reviewed, not verified. Some fields updated by batch processes. 300 $aFDLP item number not assigned. 606 $aClaims 606 $aDesertion, Military 606 $aDesertion, Naval 606 $aMilitary discharge 608 $aLegislative materials.$2lcgft 615 0$aClaims. 615 0$aDesertion, Military. 615 0$aDesertion, Naval. 615 0$aMilitary discharge. 701 $aLineberger$b Walter Franklin$f1883-$pRepublican (CA)$01388523 801 0$bWYU 801 1$bWYU 801 2$bOCLCO 801 2$bOCLCQ 906 $aBOOK 912 $a9910716406303321 996 $aKenneth M. Orr. February 4, 1927. -- Committed to the Committee of the Whole House and ordered to be printed$93514318 997 $aUNINA